| 000 | 00633nam a22001817a 4500 | ||
|---|---|---|---|
| 008 | 160318b xxu||||| |||| 00| 0 eng d | ||
| 020 | _a1413317435 | ||
| 040 |
_aKABU _cKABU |
||
| 050 |
_aKF390 _b.E57S75 2012 |
||
| 100 | _aStim, Richard | ||
| 245 |
_aMusic Law _bhow to run your band's business _cby Richard stim |
||
| 250 | _a7th ed. | ||
| 260 |
_aU.S.A _bNOLO _c2012 |
||
| 300 | _a551p. | ||
| 650 |
_aBand musicians _vPopular works _xLegal status, laws, etc. _zUnited States |
||
| 650 |
_aPerforming arts _xlaw and legislation _vPopular works _zUnited States |
||
| 942 |
_2lcc _cBK _hKF390 .E57S75 2012 C.1 |
||
| 999 |
_c15859 _d15859 |
||